Guide to taking up a franchise / (Record no. 141707)

MARC details
000 -LEADER
fixed length control field 00798nam a2200277 a 4500
008 - FIXED-LENGTH DATA ELEMENTS--GENERAL INFORMATION
fixed length control field
020 ## - INTERNATIONAL STANDARD BOOK NUMBER
International Standard Book Number 0749433108 (pbk.)
049 ## - LOCAL HOLDINGS (OCLC)
Holding library MAIN
090 ## - LOCALLY ASSIGNED LC-TYPE CALL NUMBER (OCLC); LOCAL CALL NUMBER (RLIN)
Classification number (OCLC) (R) ; Classification number, CALL (RLIN) (NR) REF HF5429
Local cutter number (OCLC) ; Book number/undivided call number, CALL (RLIN) BAR.
003 - CONTROL NUMBER IDENTIFIER
control field
005 - DATE AND TIME OF LATEST TRANSACTION
control field 20230123125441.0
040 ## - CATALOGING SOURCE
Transcribing agency NUST
100 1# - MAIN ENTRY--PERSONAL NAME
Personal name Barrow, Colin.
245 10 - TITLE STATEMENT
Title Guide to taking up a franchise /
Statement of responsibility, etc. Colin Barrow, Godfrey Golzen and Helen Kogan.
260 ## - PUBLICATION, DISTRIBUTION, ETC.
Place of publication, distribution, etc. London :
Name of publisher, distributor, etc. Kogan Page Limited,
Date of publication, distribution, etc. 1983.
300 ## - PHYSICAL DESCRIPTION
Extent Rev 13th ed.
300 ## - PHYSICAL DESCRIPTION
Extent vii, 344 p. :
Other physical details ill. ;
Dimensions 23 cm.
440 ## - SERIES STATEMENT/ADDED ENTRY--TITLE
Title The Daily Telegraph.
500 ## - GENERAL NOTE
General note Includes index.
650 #1 - SUBJECT ADDED ENTRY--TOPICAL TERM
Topical term or geographic name entry element Franchise.
650 ## - SUBJECT ADDED ENTRY--TOPICAL TERM
Topical term or geographic name entry element Franchise guide.
700 ## - ADDED ENTRY--PERSONAL NAME
Personal name Kogan, Helen.
700 ## - ADDED ENTRY--PERSONAL NAME
Personal name Golzen, Godfrey.
907 ## - LOCAL DATA ELEMENT G, LDG (RLIN)
a .b10316553
b 05-06-13
c 21-08-12
942 ## - ADDED ENTRY ELEMENTS (KOHA)
Koha item type Ordinary Loan Books
Call number prefix REF HF5429
Call number suffix BAR.
Holdings
Date last seen Total Checkouts Full call number Barcode Cost, replacement price Price effective from Koha item type Lost status Source of classification or shelving scheme Damaged status Not for loan Collection Withdrawn status Home library Current library Shelving location Date acquired Cost, normal purchase price
01/23/2023   REF HF5429 BAR 92004031421 80.00 01/23/2023 BOOKS   LCC     NFIC   MAIN MAIN GEN 01/23/2023 80.00